Guía metodológica de comunicación social en nutrición
Guardat en:
| Autor corporatiu: | |
|---|---|
| Format: | Llibre |
| Idioma: | espanyol |
| Publicat: |
Roma
FAO
1996
|
| Matèries: | |
| Etiquetes: |
Afegir etiqueta
Sense etiquetes, Sigues el primer a etiquetar aquest registre!
|
MARC
| LEADER | 00000nam a2200000 a 4500 | ||
|---|---|---|---|
| 001 | UCT4434 | ||
| 003 | CL-VaPUC | ||
| 008 | 961114e19960000IT |||||||||||||||||spa|d | ||
| 082 | 0 | 4 | |a 372.37 |b FAO |2 21 |
| 110 | 2 | |a FAO |e author |9 373745 | |
| 245 | 1 | 0 | |a Guía metodológica de comunicación social en nutrición |
| 300 | |a 101 p | ||
| 942 | |c BK | ||
| 945 | |d 19961114 00:00:00 |a nastorga | ||
| 260 | |a Roma |b FAO |c 1996 | ||
| 650 | 7 | |a EDUCACION NUTRICIONAL |2 CL-VaPUC |9 338422 | |
| 650 | 0 | |a Comunicación social |9 334226 | |
| 650 | 7 | |a PLANIFICACION |2 CL-VaPUC |9 260802 | |
| 650 | 0 | |a Nutrición |9 259434 | |
| 650 | 7 | |a MENSAJES |2 CL-VaPUC |9 335531 | |
| 650 | 7 | |a MULTIMEDIA |2 CL-VaPUC |9 373746 | |
| 650 | 0 | |a Materiales |9 260800 | |
| 583 | |a last modification |c 19961114 00:00:00 |k Rodrigo Vera | ||
| 999 | |c 253798 |d 253796 | ||
| 952 | |0 0 |1 0 |4 0 |6 372_370000000000000_FAO_1996 |7 0 |8 P |9 274895 |a BIBEDU |b BIBEDU |c BIBEDU_PB |d 2019-11-19 |i 3251330 |o 372.37 FAO 1996 |p 3251330 |r 2024-01-25 |w 2019-11-19 |y BK |k EDU | ||
| 952 | |0 0 |1 0 |4 0 |6 372_370000000000000_FAO_1996 |7 0 |8 A |9 274896 |a BIBGIM |b BIBGIM |d 2019-11-19 |i 3251349 |o 372.37 FAO 1996 |p 3251349 |r 2025-01-15 |w 2019-11-19 |y BK |k SSL | ||